000 00721nam a2200229 i 4500
001 C2-0108447
003 PPAK
005 20180727102547.0
008 970621s xx |||| ||||| | may d
040 _aPPAK
_beng
_cPPAK
_erda
082 0 4 _a499.23
_223
090 0 0 _a499.23
_bBAK
_dKK
100 1 _aBaker, J.A.,
_eauthor
245 1 0 _aPenjelasan makna beberapa perkataan Melayu :
_bbahagian III (loghat Kedah)
264 1 _a[place of publication not identified] :
_b[publisher not identified] ,
_c[date of publication not identified]
300 _a18 pages ;
_c30 cm
336 _2rdacontent
_atext
337 _2rdamedia
_aunmediated
338 _2rdacarrier
_avolume
650 1 0 _aMalay language
942 _ddc
_cB
999 _c26747
_d26747